[Event "M.Tal memorial"]
[Site "Moscow RUS"]
[Date "1992.??.??"]
[Round "?"]
[White "Sveshnikov, Evgeny"]
[Black "Nikolaev, Sergei"]
[Result "1-0"]
[WhiteElo "2560"]
[BlackElo "2425"]
[EventDate "1992.08.23"]
[PlyCount "78"]

1.e4 c5 2.c3 e6 3.d4 d5 4.e5 Nc6 5.Nf3 Nh6 6.dxc5 Bxc5 7.b4 Bb6 8.Bxh6 
gxh6 9.b5 Ne7 10.Bd3 Ng6 11.O-O Qc7 12.Re1 O-O 13.a4 Bd7 14.Ra2 f6 15.Bxg6
hxg6 16.Qd3 f5 17.Nbd2 Rfc8 18.Rc2 a6 19.Rec1 axb5 20.axb5 Ra3 21.Qe2 Qc5 
22.Nd4 Rca8 23.g4 f4 24.g5 h5 25.N2f3 Kg7 26.Qd2 Rf8 27.Ra2 Ba5 28.Rxa3 
Qxa3 29.Qc2 Qe7 30.c4 dxc4 31.Qe4 c3 32.Qxb7 Rf7 33.Qa6 Qb4 34.Kg2 Bd8 35.
Nxe6+ Bxe6 36.Qxe6 Ba5 37.Qd5 Rc7 38.Nd4 Rc8 39.Qd7+ Kh8 1-0

[Event "M.Tal memorial"]
[Site "Moscow RUS"]
[Date "1992.??.??"]
[Round "?"]
[White "Sveshnikov, Evgeny"]
[Black "Rashkovsky, Nukhim"]
[Result "1/2-1/2"]
[WhiteElo "2560"]
[BlackElo "2520"]
[EventDate "1992.08.23"]
[PlyCount "84"]

1.e4 c5 2.c3 d5 3.exd5 Qxd5 4.d4 Nc6 5.dxc5 Qxd1+ 6.Kxd1 e5 7.b4 a5 8.Bb5 
Bd7 9.Nf3 f6 10.Bd2 Nge7 11.Re1 axb4 12.cxb4 Nd5 13.Bxc6 Bxc6 14.Kc1 Kf7 
15.a3 b6 16.Rxe5 Nxb4 17.Ng5+ Kg6 18.Re6 Nd3+ 19.Kc2 Ne5 20.Nc3 Bd7 21.
Rxe5 fxe5 22.cxb6 Bc5 23.Nf3 Rhe8 24.Be3 Ra5 25.a4 Bf5+ 26.Kb2 Bxe3 27.
fxe3 Rb8 28.Nb5 Kf6 29.Nd2 Bd3 30.Nb3 Rxb5 31.axb5 Bxb5 32.Kc3 Rxb6 33.Nc5
Bc6 34.Rd1 Be8 35.Ne4+ Ke7 36.Rd5 Rb5 37.Nc5 Bc6 38.Rxe5+ Kd6 39.Kd4 Rb4+ 
40.Kc3 Rb5 41.Kd4 Rb4+ 42.Kc3 Rb5 1/2-1/2

[Event "M.Tal memorial"]
[Site "Moscow RUS"]
[Date "1992.??.??"]
[Round "?"]
[White "Sveshnikov, Evgeny"]
[Black "Sorokin, Maxim"]
[Result "1-0"]
[WhiteElo "2560"]
[BlackElo "2570"]
[EventDate "1992.08.23"]
[PlyCount "185"]

1.e4 c6 2.d4 d5 3.e5 Bf5 4.Nc3 e6 5.g4 Bg6 6.Nge2 f6 7.Nf4 Bf7 8.exf6 gxf6
9.Qe2 Qe7 10.Nd3 Nd7 11.f4 Bg7 12.Be3 e5 13.dxe5 fxe5 14.Nxe5 Nxe5 15.fxe5
Bxe5 16.O-O-O Nf6 17.Bc5 Qe6 18.Re1 Nd7 19.Qf2 Nxc5 20.Qxc5 O-O-O 21.Bd3 
Kb8 22.Rhf1 Bg6 23.Bf5 Qd6 24.Qxd6+ Bxd6 25.h3 Kc7 26.Ne2 Rde8 27.Nd4 Be5 
28.c3 Kd6 29.Kd1 Rhf8 30.Bxg6 hxg6 31.Nf3 Bg3 32.Rxe8 Rxe8 33.Ng5 Bh4 34.
Rf6+ Kc5 35.Ne6+ Kd6 36.Ng5+ Kc5 37.Rxg6 Re3 38.Ne6+ Kc4 39.Kd2 Rxh3 40.
b3+ Kb5 41.a4+ Kb6 42.Nf4 Rh2+ 43.Kd3 Be1 44.Nxd5+ Ka5 45.Ne3 Rh3 46.Re6 
Rg3 47.Kc2 b5 48.axb5 Kxb5 49.Re5+ Ka6 50.b4 Kb7 51.Re7+ Ka6 52.Nd1 Rg2+ 
53.Kb3 Bh4 54.Re6 Rxg4 55.Ne3 Rg5 56.Nc4 Kb7 57.Na5+ Kc7 58.Rxc6+ Kb8 59.
Rh6 Bf2 60.Rh8+ Kc7 61.Rh7+ Kb8 62.Nc6+ Ka8 63.c4 Rg6 64.Na5 Kb8 65.c5 a6 
66.Rb7+ Kc8 67.Rf7 Bg3 68.Rf8+ Kc7 69.Ka4 Be1 70.Ra8 Rh6 71.Ra7+ Kc8 72.
Nc4 Kb8 73.Re7 Bg3 74.Ne5 Kc8 75.Ka5 Bf4 76.Re8+ Kc7 77.Ng4 Rg6 78.Ne5 Rh6
79.Nc4 Kb7 80.Ka4 Bc7 81.Na5+ Ka7 82.Rc8 Rh7 83.Rf8 Rh6 84.Rf7 Kb8 85.Nc4 
Rh4 86.Ne3 Rd4 87.Rf5 a5 88.Nd5 axb4 89.Kb5 Bh2 90.Rf8+ Kb7 91.c6+ Ka7 92.
Rf7+ Kb8 93.Kb6 1-0

[Event "M.Tal memorial"]
[Site "Moscow RUS"]
[Date "1992.??.??"]
[Round "?"]
[White "Tataev, Manach"]
[Black "Epishin, Vladimir"]
[Result "0-1"]
[WhiteElo "2300"]
[BlackElo "2620"]
[EventDate "1992.08.23"]
[PlyCount "84"]

1.c4 e5 2.g3 Nc6 3.Bg2 Bc5 4.Nc3 d6 5.e3 Nge7 6.Nge2 Bb6 7.d3 O-O 8.O-O 
Bg4 9.h3 Bh5 10.Kh2 f5 11.Qd2 Bf7 12.Nd5 Nxd5 13.cxd5 Ne7 14.a4 a5 15.Nc3 
c6 16.dxc6 bxc6 17.f4 Qd7 18.Re1 Rab8 19.d4 e4 20.Rg1 Bc4 21.Qd1 Bc7 22.g4
d5 23.Bf1 Bxf1 24.Rxf1 fxg4 25.hxg4 Rf6 26.g5 Rg6 27.Rg1 h6 28.Qh5 Qf5 29.
Kg2 hxg5 30.Kf2 Rf8 31.Ne2 gxf4 32.Qxf5 fxe3+ 33.Bxe3 Rxf5+ 34.Ke1 Rxg1+ 
35.Bxg1 Bd6 36.Be3 Rh5 37.Kd2 Nf5 38.Bg1 Rg5 39.Rf1 g6 40.Kc1 Rg2 41.Nc3 
Bb4 42.Kb1 Ng3 0-1

[Event "M.Tal memorial"]
[Site "Moscow RUS"]
[Date "1992.??.??"]
[Round "?"]
[White "Tataev, Manach"]
[Black "Fradkin, Boris"]
[Result "1/2-1/2"]
[WhiteElo "2300"]
[BlackElo "2400"]
[EventDate "1992.08.23"]
[PlyCount "127"]

1.d4 Nf6 2.c4 e6 3.Nc3 Bb4 4.e3 b6 5.Ne2 c5 6.a3 Ba5 7.Rb1 Na6 8.Qa4 Bb7 
9.b4 Bc6 10.Nb5 cxb4 11.f3 O-O 12.Bd2 bxa3 13.Bxa5 bxa5 14.Qxa3 Nb4 15.Kf2
Bxb5 16.cxb5 a6 17.bxa6 Nxa6 18.Nc3 Nb4 19.Be2 Qc7 20.g3 e5 21.Nb5 Qb8 22.
Qa1 e4 23.f4 Rc8 24.Na3 d5 25.h3 Qd6 26.Rhd1 Nc2 27.Nxc2 Rxc2 28.Qa4 Qc7 
29.Rb5 h5 30.Ra1 Qc8 31.Qb3 Rc3 32.Qb2 Rc2 33.Qb3 Kh7 34.Rbxa5 Rxa5 35.
Rxa5 Rxe2+ 36.Kxe2 Qxh3 37.Kd2 Qg2+ 38.Kc3 Qxg3 39.Kb4 Qe1+ 40.Kb5 Qe2+ 
41.Kc6 h4 42.Ra2 Qf3 43.Qc3 Qh5 44.Rh2 h3 45.Qe1 Ng4 46.Rh1 h2 47.Qg3 g6 
48.Kc5 Kg7 49.Kc6 Qf5 50.Rxh2 Qc8+ 51.Kb6 Qb8+ 52.Kc6 Qa8+ 53.Kb6 Qd8+ 54.
Kc6 Qc8+ 55.Kb6 Nxh2 56.Qxh2 f6 57.Qg3 Qf5 58.Kc5 Qh5 59.Kd6 Kf7 60.Qf2 
Qf5 61.Qh2 Qe6+ 62.Kc5 Kg7 63.Qa2 Qc8+ 64.Kd6 1/2-1/2

[Event "M.Tal memorial"]
[Site "Moscow RUS"]
[Date "1992.??.??"]
[Round "?"]
[White "Tataev, Manach"]
[Black "Pripis, Feliks"]
[Result "0-1"]
[WhiteElo "2300"]
[BlackElo "2320"]
[EventDate "1992.08.23"]
[PlyCount "120"]

1.c4 Nf6 2.Nc3 e6 3.d4 Bb4 4.e3 b6 5.Ne2 Ne4 6.Bd2 Nxd2 7.Qxd2 Bb7 8.a3 
Be7 9.d5 O-O 10.g3 d6 11.Bg2 e5 12.e4 Nd7 13.Qc2 Bf6 14.O-O g6 15.b4 Bg7 
16.Bh3 Qe7 17.Nc1 Bc8 18.Nb3 Nf6 19.Bxc8 Raxc8 20.Nb5 c6 21.dxc6 Rxc6 22.
Qd3 a6 23.Nc3 Qc7 24.Rac1 Rc8 25.Nd5 Nxd5 26.cxd5 Rxc1 27.Rxc1 Qb7 28.Rc3 
Bf8 29.Qc2 Rxc3 30.Qxc3 Qd7 31.Kg2 Qb5 32.Qc2 Qa4 33.Qb2 Qb5 34.Qc3 Qe2 
35.Qe3 Qb2 36.a4 Qa3 37.Qc3 Qxa4 38.Nd2 Qd1 39.Qe3 Qc1 40.Nf3 Qb1 41.h4 
Qxb4 42.h5 a5 43.Nh2 a4 44.Qf3 gxh5 45.g4 Qd2 46.gxh5 Qf4 47.Qe2 a3 48.Kh3
b5 49.f3 b4 50.Ng4 b3 51.Qg2 Kh8 52.Nf2 a2 53.Nd3 a1=Q 54.Nxf4 exf4 55.Qd2
Qf6 56.Kg2 b2 57.Qb4 h6 58.Kf1 Bg7 59.Qb7 Kh7 60.Ke2 Qc3 0-1

[Event "M.Tal memorial"]
[Site "Moscow RUS"]
[Date "1992.??.??"]
[Round "?"]
[White "Tseshkovsky, Vitaly"]
[Black "Kuzmin, Gennady"]
[Result "1-0"]
[WhiteElo "2490"]
[BlackElo "2535"]
[EventDate "1992.08.23"]
[PlyCount "93"]

1.e4 c5 2.Nf3 Nc6 3.d4 cxd4 4.Nxd4 g6 5.c4 Bg7 6.Be3 Nf6 7.Nc3 d6 8.Be2 
O-O 9.O-O Bd7 10.Rc1 Nxd4 11.Bxd4 Bc6 12.f3 a5 13.b3 Nd7 14.Be3 Nc5 15.Nb5
Ne6 16.Qd2 Kh8 17.Rfd1 f5 18.exf5 gxf5 19.Nd4 Qd7 20.a3 Bxd4 21.Bxd4+ Nxd4
22.Qxd4+ e5 23.Qxd6 Qg7 24.Qc5 Kg8 25.Qf2 Rae8 26.Bf1 e4 27.fxe4 Rxe4 28.
Rd2 Qe5 29.Rcd1 Re3 30.Rd3 f4 31.Rxe3 fxe3 32.Qe2 Rf6 33.b4 Rh6 34.Rd8+ 
Kg7 35.Qg4+ Rg6 36.Qe2 Qa1 37.Rd1 Qxa3 38.b5 Be4 39.Re1 a4 40.Qxe3 Qxe3+ 
41.Rxe3 Re6 42.Bd3 Bf5 43.Rg3+ Bg6 44.Bxg6 hxg6 45.Ra3 b6 46.Rxa4 Kf6 47.
Kf2 1-0

[Event "M.Tal memorial"]
[Site "Moscow RUS"]
[Date "1992.??.??"]
[Round "?"]
[White "Tseshkovsky, Vitaly"]
[Black "Makarichev, Sergei"]
[Result "0-1"]
[WhiteElo "2490"]
[BlackElo "2530"]
[EventDate "1992.08.23"]
[PlyCount "132"]

1.e4 e5 2.Nf3 Nf6 3.Nxe5 d6 4.Nf3 Nxe4 5.d4 d5 6.Bd3 Bd6 7.O-O O-O 8.c4 c6
9.Re1 Bf5 10.Nc3 Nxc3 11.bxc3 Bxd3 12.Qxd3 dxc4 13.Qxc4 Nd7 14.Bg5 Qc7 15.
Qb3 Rfe8 16.c4 c5 17.d5 Ne5 18.g3 Qd7 19.Nxe5 Bxe5 20.Rad1 Qf5 21.Be3 b6 
22.Qd3 Qf6 23.Kg2 h6 24.Re2 Rad8 25.Rde1 Kf8 26.Qh7 g5 27.h4 Bd4 28.hxg5 
hxg5 29.Qh5 Bxe3 30.Rxe3 Rxe3 31.Rxe3 Kg7 32.Qg4 Rh8 33.f4 Qb2+ 34.Re2 Qb1
35.Qxg5+ Kf8 36.Qd8+ Kg7 37.Qg5+ Kf8 38.Qe7+ Kg7 39.Qe5+ Kg8 40.Qe8+ Kg7 
41.Qe5+ Kg8 42.Qc3 Qh1+ 43.Kf2 Rh2+ 44.Ke3 b5 45.Qe1 Qxe1 46.Rxe1 bxc4 47.
Rc1 Rxa2 48.Rxc4 Ra3+ 49.Ke4 Kf8 50.Ke5 Ke7 51.g4 f6+ 52.Kf5 Rb3 53.Re4+ 
Kd6 54.Kxf6 Kxd5 55.Re5+ Kd4 56.g5 Rb6+ 57.Kf5 c4 58.g6 Rb7 59.Kf6 Rb6+ 
60.Kg5 Rb1 61.g7 Rg1+ 62.Kf6 c3 63.Re8 c2 64.Rd8+ Ke4 65.Re8+ Kf3 66.Rc8 
c1=Q 0-1

[Event "M.Tal memorial"]
[Site "Moscow RUS"]
[Date "1992.??.??"]
[Round "?"]
[White "Vaisser, Anatoli"]
[Black "Rashkovsky, Nukhim"]
[Result "0-1"]
[WhiteElo "2540"]
[BlackElo "2520"]
[EventDate "1992.08.23"]
[PlyCount "102"]

1.d4 Nf6 2.c4 e6 3.Nc3 Bb4 4.e3 O-O 5.Bd3 d5 6.Nf3 b6 7.O-O Bb7 8.cxd5 
exd5 9.Ne5 c5 10.Ne2 c4 11.Bc2 b5 12.b3 Bd6 13.Rb1 Qc7 14.bxc4 bxc4 15.Nc3
a6 16.f4 Nc6 17.Ng4 Nxg4 18.Nxd5 Qa5 19.e4 Bc8 20.h3 Nxd4 21.hxg4 Bc5 22.
Be3 Nxc2 23.Qxc2 Be6 24.Bxc5 Qxc5+ 25.Qf2 Qxf2+ 26.Kxf2 Bxd5 27.exd5 Rfd8 
28.Rfd1 Rac8 29.Rb6 c3 30.d6 Rc4 31.Kf3 g5 32.f5 a5 33.Ra6 a4 34.g3 Kg7 
35.Rb6 c2 36.Rc1 Kf6 37.d7+ Ke5 38.Rb2 Rxd7 39.Rbxc2 Rd3+ 40.Ke2 Rxc2+ 41.
Rxc2 Rxg3 42.Rc5+ Kf6 43.Rc6+ Kg7 44.Rc4 Rg2+ 45.Kf3 Rxa2 46.Kg3 Ra1 47.
Kg2 a3 48.Ra4 h5 49.gxh5 Kf6 50.Ra7 a2 51.Ra6+ Kxf5 0-1

[Event "M.Tal memorial"]
[Site "Moscow RUS"]
[Date "1992.??.??"]
[Round "?"]
[White "Vaisser, Anatoli"]
[Black "Savchenko, Stanislav"]
[Result "1-0"]
[WhiteElo "2540"]
[BlackElo "2505"]
[EventDate "1992.08.23"]
[PlyCount "75"]

1.d4 d5 2.c4 e6 3.Nc3 c6 4.e4 dxe4 5.Nxe4 Bb4+ 6.Bd2 Qxd4 7.Bxb4 Qxe4+ 8.
Be2 Na6 9.Bc3 Ne7 10.Bxg7 Rg8 11.Bf6 Rg6 12.Bxe7 Kxe7 13.Qd2 e5 14.Rd1 Be6
15.f3 Qd4 16.Qxd4 exd4 17.Kf2 Rd8 18.Bd3 Rg5 19.Ne2 h5 20.h4 Ra5 21.a3 Nc5
22.Bb1 Nb3 23.Bc2 Bxc4 24.Bxb3 Bxb3 25.Rxd4 Rxd4 26.Nxd4 Bd5 27.Rd1 Kf6 
28.g4 hxg4 29.fxg4 Be4 30.Re1 Ke5 31.Ne2 Bd3 32.Nc3+ Kf6 33.Rd1 Ba6 34.
Ne4+ Ke5 35.h5 Be2 36.Kxe2 Kxe4 37.h6 Re5 38.Rd8 1-0

[Event "M.Tal memorial"]
[Site "Moscow RUS"]
[Date "1992.??.??"]
[Round "?"]
[White "Vyzhmanavin, Alexei"]
[Black "Petrosian, Arshak"]
[Result "1/2-1/2"]
[WhiteElo "2590"]
[BlackElo "2470"]
[EventDate "1992.08.23"]
[PlyCount "59"]

1.d4 Nf6 2.c4 e6 3.Nf3 d5 4.Nc3 Be7 5.Bg5 h6 6.Bh4 O-O 7.e3 b6 8.Rc1 Bb7 
9.Bd3 dxc4 10.Bxc4 Nbd7 11.O-O c5 12.Qe2 Ne4 13.Bg3 Nxg3 14.hxg3 cxd4 15.
Nxd4 Nf6 16.Rfd1 Qb8 17.Ba6 Rd8 18.a3 Bc5 19.Bxb7 Qxb7 20.Qf3 Qxf3 21.Nxf3
Rxd1+ 22.Rxd1 Rc8 23.Rd3 a6 24.b4 Be7 25.Ne5 b5 26.f4 h5 27.Kf1 Kf8 28.Ke2
Ke8 29.e4 Rc7 30.Nf3 1/2-1/2

[Event "M.Tal memorial"]
[Site "Moscow RUS"]
[Date "1992.??.??"]
[Round "?"]
[White "Vyzhmanavin, Alexei"]
[Black "Samarin, Igor"]
[Result "1-0"]
[WhiteElo "2590"]
[BlackElo "2400"]
[EventDate "1992.08.23"]
[PlyCount "105"]

1.d4 d5 2.c4 c6 3.e3 Nf6 4.Nc3 Bg4 5.f3 Bf5 6.g4 Bc8 7.g5 Nfd7 8.f4 e6 9.
Nf3 h6 10.cxd5 cxd5 11.Bg2 hxg5 12.fxg5 Be7 13.O-O Nf8 14.e4 dxe4 15.Ne5 
f6 16.Nxe4 fxe5 17.Qf3 Nc6 18.Qf7+ Kd7 19.Qxg7 Rh4 20.g6 Kc7 21.Bg5 Nxg6 
22.Qxg6 Bxg5 23.Nxg5 Qxd4+ 24.Kh1 Qg4 25.Rad1 Kb6 26.Qf6 Qg3 27.Nf3 Rf4 
28.Qxe5 Qxg2+ 29.Kxg2 Nxe5 30.Nxe5 Re4 31.Rfe1 Rxe1 32.Rxe1 Kc7 33.Rd1 a5 
34.h4 a4 35.h5 Ra5 36.Re1 Bd7 37.h6 Ra8 38.h7 Rh8 39.Rc1+ Bc6+ 40.Nxc6 
bxc6 41.Rh1 Kd6 42.Kf3 Ke5 43.Rh5+ Kd4 44.Kf4 a3 45.b4 Kc3 46.Ke4 Kc2 47.
Ke5 Kb1 48.Rh2 Rxh7 49.Rxh7 Kxa2 50.Rh3 Kb2 51.Kd6 e5 52.Kxc6 e4 53.Kd5 
1-0

[Event "M.Tal memorial"]
[Site "Moscow RUS"]
[Date "1992.??.??"]
[Round "?"]
[White "Vyzhmanavin, Alexei"]
[Black "Tseshkovsky, Vitaly"]
[Result "0-1"]
[WhiteElo "2590"]
[BlackElo "2490"]
[EventDate "1992.08.23"]
[PlyCount "120"]

1.d4 e6 2.c4 f5 3.Nf3 Nf6 4.Nc3 Bb4 5.Qb3 Qe7 6.g3 a5 7.Bg2 a4 8.Qc2 d6 9.
O-O Bxc3 10.bxc3 O-O 11.c5 e5 12.Ba3 e4 13.cxd6 cxd6 14.Nd2 b5 15.c4 Nc6 
16.cxb5 Nxd4 17.Qc4+ Ne6 18.Rfd1 Bb7 19.Nf1 Rfc8 20.Bxd6 Qf7 21.Qb4 Nd5 
22.Qb2 Nc3 23.Ne3 a3 24.Bxa3 f4 25.Ng4 f3 26.exf3 exf3 27.Bf1 Qh5 28.Rd7 
Ne2+ 29.Kh1 Be4 30.Ne3 Rc3 31.Bd6 Rxe3 32.b6 Rd3 33.b7 Rb8 34.Rxg7+ Nxg7 
35.Bxb8 Qd5 36.Qf6 Qxb7 37.Be5 Qf7 38.Qh4 Qf5 39.Bxg7 Kxg7 40.Qe7+ Kh6 41.
Rb1 Rc3 42.Rb6+ Bc6 43.Qh4+ Kg6 44.Qd8 Qe6 45.Rb1 Rc1 46.Rxc1 Nxc1 47.Qd2 
Ne2 48.h4 Qd5 49.Qxd5 Bxd5 50.a4 Kf5 51.a5 Bb7 52.Kh2 Ke5 53.Bh3 Ba6 54.
Bd7 Nd4 55.Kh3 Kd6 56.Be8 Bc8+ 57.g4 Ke7 58.Bh5 Ne2 59.Kh2 Nf4 60.Kg3 
Nxh5+ 0-1

[Event "M.Tal memorial"]
[Site "Moscow RUS"]
[Date "1992.??.??"]
[Round "?"]
[White "Vyzhmanavin, Alexei"]
[Black "Vaisser, Anatoli"]
[Result "1-0"]
[WhiteElo "2590"]
[BlackElo "2540"]
[EventDate "1992.08.23"]
[PlyCount "149"]

1.d4 e6 2.c4 f5 3.Nf3 Nf6 4.Nc3 Bb4 5.Qb3 Qe7 6.g3 Nc6 7.a3 Bxc3+ 8.Qxc3 
a5 9.b3 d6 10.Bb2 O-O 11.Bg2 Re8 12.O-O e5 13.dxe5 dxe5 14.Rad1 Bd7 15.
Rfe1 Rad8 16.Nd2 Qc5 17.h3 b6 18.Nf1 e4 19.Ne3 Be6 20.h4 b5 21.cxb5 Qxb5 
22.Bh3 Rxd1 23.Rxd1 Qxb3 24.Qxb3 Bxb3 25.Rc1 Ne7 26.Rxc7 Nfd5 27.Nxd5 Bxd5
28.Ra7 Rb8 29.Bd4 Rb1+ 30.Bf1 Bb7 31.Rxa5 Nc6 32.Rd5 Nxd4 33.Rxd4 Ba6 34.
Kg2 Ra1 35.Ra4 Bb5 36.Ra5 Bc4 37.Rxf5 Rxa3 38.e3 Bxf1+ 39.Kxf1 Ra7 40.Re5 
Ra4 41.Kg2 Kf7 42.g4 g6 43.Kg3 Kf6 44.Rb5 Kg7 45.Rb7+ Kg8 46.h5 gxh5 47.
gxh5 h6 48.Re7 Rb4 49.Re6 Kh7 50.Kg4 Kg7 51.Rg6+ Kh7 52.Rf6 Rb1 53.Rf4 
Rg1+ 54.Kf5 Rg5+ 55.Kf6 Rg2 56.Ke5 Rh2 57.Kxe4 Rxh5 58.Kf3 Kg6 59.Kg3 Ra5 
60.Rb4 h5 61.e4 Rg5+ 62.Kh3 Rg1 63.Rb5 Kf6 64.f3 Kg6 65.Kh2 Re1 66.Kg2 Ra1
67.Kg3 Rg1+ 68.Kf4 h4 69.Rb4 Kg7 70.Rb2 Kg6 71.Rh2 Kh5 72.e5 Re1 73.Kf5 
Re3 74.Rh3 Re2 75.e6 1-0

[Event "M.Tal memorial"]
[Site "Moscow RUS"]
[Date "1992.??.??"]
[Round "?"]
[White "Yagupov, Igor"]
[Black "Chekhov, Valery"]
[Result "0-1"]
[WhiteElo "2410"]
[BlackElo "2550"]
[EventDate "1992.08.23"]
[PlyCount "58"]

1.e4 c5 2.c3 e6 3.Nf3 Nc6 4.d4 d5 5.exd5 exd5 6.Be3 cxd4 7.Nxd4 Bd6 8.Nd2 
Nf6 9.Be2 O-O 10.O-O Re8 11.Re1 h6 12.h3 a6 13.Qc2 Bc7 14.Rad1 Qd6 15.Nf1 
Ne4 16.Bf3 Qg6 17.Ng3 Bxg3 18.fxg3 Qxg3 19.Ne2 Qh4 20.Nf4 Be6 21.Nxe6 Rxe6
22.Qb3 Rae8 23.Qxb7 Ng5 24.Bg4 f5 25.Bxf5 Nf3+ 26.Kf1 Rxe3 27.Rxe3 Rxe3 
28.Qc8+ Kf7 29.gxf3 Ne7 0-1

[Event "M.Tal memorial"]
[Site "Moscow RUS"]
[Date "1992.??.??"]
[Round "?"]
[White "Yagupov, Igor"]
[Black "Minasian, Artashes"]
[Result "0-1"]
[WhiteElo "2410"]
[BlackElo "2545"]
[EventDate "1992.08.23"]
[PlyCount "106"]

1.e4 c5 2.Nf3 Nc6 3.d4 cxd4 4.Nxd4 Nf6 5.Nc3 e6 6.Ndb5 d6 7.Bf4 e5 8.Bg5 
a6 9.Na3 b5 10.Bxf6 gxf6 11.Nd5 f5 12.c3 Bg7 13.exf5 Bxf5 14.Nc2 O-O 15.
Nce3 Be6 16.Bd3 f5 17.Qh5 e4 18.Bc2 Ne7 19.Nxe7+ Qxe7 20.g4 f4 21.Nd5 Bxd5
22.Qxd5+ Kh8 23.O-O-O e3 24.Qd3 Be5 25.Kb1 exf2 26.Rhf1 Ra7 27.Rxf2 Qh4 
28.Rf3 Qxg4 29.Rdf1 Rg7 30.Rg3 Qd7 31.a3 Rfg8 32.Rh3 a5 33.Rh6 b4 34.cxb4 
axb4 35.a4 b3 36.Bxb3 Rb8 37.Rf2 Qa7 38.Rc2 Rgb7 39.Rc3 Qg1+ 40.Ka2 Bxc3 
41.bxc3 Qf2+ 42.Ka1 Re8 43.Bc2 Qg1+ 44.Ka2 Qg7 45.Rxd6 Qf7+ 46.Ka3 f3 47.
Qd4+ Qg7 48.Rf6 Rc7 49.Kb2 Rb8+ 50.Ka2 Rbc8 51.Bf5 Rxc3 52.Bh3 Rc2+ 53.Kb3
R8c3+ 0-1

[Event "M.Tal memorial"]
[Site "Moscow RUS"]
[Date "1992.??.??"]
[Round "?"]
[White "Yagupov, Igor"]
[Black "Tataev, Manach"]
[Result "1-0"]
[WhiteElo "2410"]
[BlackElo "2300"]
[EventDate "1992.08.23"]
[PlyCount "83"]

1.e4 c5 2.Nf3 d6 3.d4 cxd4 4.Nxd4 Nf6 5.Nc3 a6 6.Bc4 e6 7.Bb3 Nbd7 8.f4 
Nc5 9.e5 dxe5 10.fxe5 Nfd7 11.Bf4 Nb6 12.Qd2 Be7 13.O-O-O O-O 14.h4 Bd7 
15.Qe2 Kh8 16.Ne4 Nxe4 17.Qxe4 Qc8 18.c3 Bc6 19.Nxc6 Qxc6 20.Bc2 Qxe4 21.
Bxe4 Rab8 22.Be3 Nc4 23.Ba7 Ra8 24.Bd4 Na5 25.Bb6 Nc4 26.Rd7 Ba3 27.Bd4 
Bxb2+ 28.Kc2 Ba3 29.Bxb7 Rab8 30.Rb1 f6 31.exf6 gxf6 32.Bxa6 e5 33.Ba7 
Rxb1 34.Kxb1 Nd6 35.Kc2 Ne4 36.Bd3 f5 37.Rb7 Bd6 38.g4 Nc5 39.Bxc5 Bxc5 
40.Bxf5 Ra8 41.Rxh7+ Kg8 42.Kb3 1-0

[Event "M.Tal memorial"]
[Site "Moscow RUS"]
[Date "1992.??.??"]
[Round "?"]
[White "Yagupov, Igor"]
[Black "Zakharov, Alexander"]
[Result "1-0"]
[WhiteElo "2410"]
[BlackElo "2380"]
[EventDate "1992.08.23"]
[PlyCount "79"]

1.e4 e5 2.Nf3 Nc6 3.Bb5 a6 4.Ba4 Nf6 5.O-O Be7 6.Re1 b5 7.Bb3 O-O 8.c3 d6 
9.h3 Nd7 10.d4 Bf6 11.a4 Bb7 12.d5 Ne7 13.Na3 Nc5 14.axb5 axb5 15.Bc2 c6 
16.b4 Na6 17.dxc6 Bxc6 18.Qd3 Qb6 19.Be3 Qb7 20.Nd2 Rfd8 21.Nb3 Be8 22.Na5
Qb8 23.Nb1 g6 24.Bb3 Nc7 25.Ra2 Bd7 26.Nd2 Be6 27.Rea1 Bxb3 28.Ndxb3 Ra6 
29.Rd2 Rc8 30.Rc1 Ne6 31.c4 bxc4 32.Rxc4 Rxc4 33.Qxc4 Nc7 34.Rc2 Nb5 35.
Qd3 Kg7 36.Nd2 h6 37.Nf3 Ra8 38.Qd2 Qe8 39.Bxh6+ Kg8 40.Qd3 1-0

[Event "M.Tal memorial"]
[Site "Moscow RUS"]
[Date "1992.??.??"]
[Round "?"]
[White "Yilmaz, Turhan"]
[Black "Arkhipov, Sergei"]
[Result "0-1"]
[WhiteElo "2390"]
[BlackElo "2515"]
[EventDate "1992.08.23"]
[PlyCount "72"]

1.e4 c5 2.Nf3 e6 3.d4 cxd4 4.Nxd4 Nf6 5.Nc3 Nc6 6.Nxc6 bxc6 7.Bd3 d5 8.O-O
Be7 9.b3 O-O 10.Bb2 Bb7 11.Qe2 Rc8 12.Rfe1 Re8 13.Qf3 Bf8 14.Rad1 Nd7 15.
Nb1 Nc5 16.exd5 cxd5 17.Bf1 Qa5 18.a3 Qc7 19.Qe3 Ne4 20.Bd3 Bc5 21.Bd4 
Bxd4 22.Qxd4 Nc5 23.f4 Ba6 24.Bxa6 Nxa6 25.b4 Nb8 26.Re2 Nd7 27.Rd3 Nf6 
28.Nc3 Qb8 29.Qe5 Qb6+ 30.Qe3 Qxe3+ 31.Rexe3 Rxc3 32.Rxc3 d4 33.Rc7 dxe3 
34.Rxa7 Rd8 35.Kf1 g5 36.fxg5 Nd5 0-1

[Event "M.Tal memorial"]
[Site "Moscow RUS"]
[Date "1992.??.??"]
[Round "?"]
[White "Yilmaz, Turhan"]
[Black "Chekhov, Valery"]
[Result "1-0"]
[WhiteElo "2390"]
[BlackElo "2550"]
[EventDate "1992.08.23"]
[PlyCount "111"]

1.e4 c5 2.Nf3 e6 3.d4 cxd4 4.Nxd4 Nf6 5.Nc3 Nc6 6.Nxc6 bxc6 7.Bd3 d5 8.O-O
Be7 9.b3 O-O 10.Bb2 Qa5 11.Qe1 Qc7 12.f4 Bb7 13.Qg3 c5 14.e5 Nh5 15.Qh3 g6
16.Nb5 Qb6 17.c4 dxc4 18.Bxc4 Rad8 19.Rf2 Rd7 20.Raf1 Ng7 21.Qc3 Nf5 22.
Nd6 Nd4 23.Nxb7 Qxb7 24.g4 Rfd8 25.Qe3 Qc6 26.Rg2 Bf8 27.f5 Bg7 28.h4 Qc7 
29.f6 Bf8 30.h5 Rd5 31.Bxd5 Rxd5 32.hxg6 fxg6 33.f7+ Kh8 34.Qg5 Qxe5 35.
Qxe5+ Rxe5 36.b4 Rd5 37.bxc5 e5 38.Ba3 Kg7 39.Kh2 Ne6 40.Rc2 Rd4 41.Bb2 
Nxc5 42.Bxd4 exd4 43.Rc4 Ne6 44.Rc6 Nc5 45.Kg2 a5 46.Rf4 d3 47.Kf3 d2 48.
Rd4 Kxf7 49.Rxd2 a4 50.Rd4 Be7 51.Rf4+ Ke8 52.Rc4 Nd3 53.Ke4 Nb4 54.Rc8+ 
Kf7 55.a3 Na6 56.R4c6 1-0

[Event "M.Tal memorial"]
[Site "Moscow RUS"]
[Date "1992.??.??"]
[Round "?"]
[White "Yilmaz, Turhan"]
[Black "Filipenko, Alexander"]
[Result "0-1"]
[WhiteElo "2390"]
[BlackElo "2375"]
[EventDate "1992.08.23"]
[PlyCount "112"]

1.e4 c5 2.Nf3 Nc6 3.d4 cxd4 4.Nxd4 Nf6 5.Nc3 d6 6.Bc4 e6 7.Be3 Be7 8.Bb3 
O-O 9.f4 a6 10.Qe2 Nd7 11.O-O-O Nc5 12.Kb1 Nxb3 13.cxb3 Bd7 14.Nf3 b5 15.
Qd2 Be8 16.h4 Qb8 17.Ne2 a5 18.a3 Qb7 19.h5 Nb8 20.Ng3 Bc6 21.Qd4 h6 22.
Bd2 b4 23.a4 Nd7 24.Qe3 Nc5 25.Rhe1 Rfd8 26.Nd4 Be8 27.Re2 Bh4 28.Be1 Bf6 
29.Qf3 Bxd4 30.Rxd4 Bc6 31.Rc4 f5 32.Bf2 Nxe4 33.Nxe4 Bxe4+ 34.Rcxe4 fxe4 
35.Rxe4 Rf8 36.g4 Rac8 37.Qd3 d5 38.Rd4 e5 39.Rxd5 Rxf4 40.Be3 Rd4 41.Rxd4
exd4 42.Qxd4 Re8 43.Qc4+ Qf7 44.Bb6 Qxc4 45.bxc4 b3 46.Kc1 Re4 47.c5 Rxa4 
48.Kd2 Rc4 49.Kd3 Rc2 50.Bxa5 Rxc5 51.Bc3 Kf7 52.Kd4 Rg5 53.Kc4 Rxg4+ 54.
Kxb3 Rh4 55.Kc2 Rxh5 56.b4 g5 0-1

[Event "M.Tal memorial"]
[Site "Moscow RUS"]
[Date "1992.??.??"]
[Round "?"]
[White "Yilmaz, Turhan"]
[Black "Fradkin, Boris"]
[Result "1/2-1/2"]
[WhiteElo "2390"]
[BlackElo "2400"]
[EventDate "1992.08.23"]
[PlyCount "103"]

1.e4 c6 2.d4 d5 3.e5 c5 4.dxc5 Nc6 5.Bb5 Bf5 6.Nf3 e6 7.Nd4 Ne7 8.Bg5 Qc7 
9.Bxe7 Bxe7 10.O-O Bg6 11.b4 O-O 12.Bxc6 bxc6 13.Nd2 a5 14.a3 Rfb8 15.c3 
Ra6 16.Qe2 Rba8 17.N2b3 Bf8 18.h3 h6 19.Rfe1 Be4 20.f3 Bg6 21.Kh1 Be7 22.
Red1 Bg5 23.g3 Be7 24.Kh2 Qd7 25.h4 Bd8 26.c4 axb4 27.axb4 Rxa1 28.Rxa1 
Rxa1 29.Nxa1 dxc4 30.Qxc4 Bc7 31.f4 Be4 32.Nab3 g5 33.hxg5 hxg5 34.Nd2 Bd5
35.Qe2 f6 36.Qh5 Qf7 37.Qxf7+ Kxf7 38.fxg5 fxe5 39.Ne2 Kg6 40.Nc3 Kxg5 41.
Nce4+ Kf5 42.Nd6+ Kg4 43.N6e4 Bd8 44.Kg2 Bg5 45.Kf2 Bh6 46.Ke2 Bxd2 47.
Nxd2 Kxg3 48.Ke3 Kg4 49.Ne4 Kf5 50.Nd6+ Kg6 51.Ne4 Kf7 52.Nd6+ 1/2-1/2

[Event "M.Tal memorial"]
[Site "Moscow RUS"]
[Date "1992.??.??"]
[Round "?"]
[White "Yilmaz, Turhan"]
[Black "Yagupov, Igor"]
[Result "1/2-1/2"]
[WhiteElo "2390"]
[BlackElo "2410"]
[EventDate "1992.08.23"]
[PlyCount "51"]

1.e4 c5 2.Nf3 e6 3.d4 cxd4 4.Nxd4 Nf6 5.Nc3 Nc6 6.Nxc6 bxc6 7.Bd3 e5 8.O-O
d6 9.Qe2 Be7 10.Na4 O-O 11.c4 Nd7 12.b3 Nc5 13.Nxc5 dxc5 14.Be3 Be6 15.
Rfd1 a5 16.f3 Ra7 17.Qf2 Rd7 18.Bc2 Rxd1+ 19.Rxd1 Qb6 20.a3 Rb8 21.h3 Qa7 
22.Rb1 Bf8 23.Kh2 Qe7 24.Qd2 Ra8 25.Qc3 Qc7 26.Rd1 1/2-1/2

[Event "M.Tal memorial"]
[Site "Moscow RUS"]
[Date "1992.??.??"]
[Round "?"]
[White "Zakharov, Alexander"]
[Black "Dvoirys, Semen"]
[Result "0-1"]
[WhiteElo "2380"]
[BlackElo "2515"]
[EventDate "1992.08.23"]
[PlyCount "60"]

1.Nf3 c5 2.c4 Nf6 3.Nc3 Nc6 4.e3 e6 5.d4 d5 6.a3 a6 7.b3 Be7 8.Bb2 O-O 9.
Bd3 b6 10.O-O cxd4 11.exd4 Bb7 12.Re1 Rc8 13.cxd5 Nxd5 14.Nxd5 exd5 15.Qe2
b5 16.Ne5 Bf6 17.a4 bxa4 18.Rxa4 Rc7 19.Bxa6 Bxa6 20.Qxa6 Re8 21.Qd3 h6 
22.f4 Qb8 23.Rc1 Rec8 24.Raa1 Nb4 25.Qf5 Nc2 26.Nd7 Bxd4+ 27.Bxd4 Nxd4 28.
Rxc7 Qxc7 29.Qxd5 Qxf4 30.Ne5 Ne2+ 0-1

[Event "M.Tal memorial"]
[Site "Moscow RUS"]
[Date "1992.??.??"]
[Round "?"]
[White "Zviagintsev, Vadim"]
[Black "Gufeld, Eduard"]
[Result "1-0"]
[WhiteElo "2415"]
[BlackElo "2490"]
[EventDate "1992.08.23"]
[PlyCount "77"]

1.d4 Nf6 2.c4 g6 3.Nc3 Bg7 4.e4 O-O 5.Nf3 c6 6.h3 d5 7.e5 Ne8 8.cxd5 cxd5 
9.Bd3 Nc6 10.O-O f6 11.exf6 Nxf6 12.Re1 Qd6 13.Nb5 Qb8 14.Ne5 Nxe5 15.dxe5
Nh5 16.Be2 Nf4 17.Bxf4 Rxf4 18.Rc1 Qxe5 19.Bf3 Qg5 20.Nc7 Rb8 21.Qxd5+ 
Qxd5 22.Nxd5 Rf8 23.Nxe7+ Kh8 24.Nxc8 Rbxc8 25.Rxc8 Rxc8 26.Bxb7 Rb8 27.b3
Bd4 28.Ba6 Rf8 29.Re2 Kg7 30.h4 Bc5 31.g3 Rf3 32.Kg2 Rc3 33.Bc4 Kf6 34.
Re6+ Kf5 35.Rc6 Bd4 36.Rc7 h6 37.Rc6 h5 38.Rd6 Bf6 39.f4 1-0